Statistics for Municipalities of Juneau County, Wisconsin

Click here to take the quiz!

General Stats

  • This quiz has been taken 27 times
  • The average score is 17 of 29

Answers on the Map

Answers color-coded by a green-red scale on the quiz's map according to % correct below.
 

Answer Stats

Answer% Correct
City of New Lisbon
100%
City of Wisconsin Dells
100%
Town of Lisbon
100%
City of Elroy
67%
City of Mauston
67%
Town of Armenia
67%
Town of Fountain
67%
Town of Germantown
67%
Town of Kingston
67%
Town of Lyndon
67%
Town of Marion
67%
Town of Necedah
67%
Town of Wonewoc
67%
Village of Camp Douglas
67%
Village of Hustler
67%
Village of Lyndon Station
67%
Village of Necedah
67%
Village of Union Center
67%
Village of Wonewoc
67%
Town of Clearfield
33%
Town of Cutler
33%
Town of Finley
33%
Town of Kildare
33%
Town of Lemonweir
33%
Town of Lindina
33%
Town of Orange
33%
Town of Plymouth
33%
Town of Seven Mile Creek
33%
Town of Summit
33%

Score Distribution

Percentile by Number Answered

Percent of People with Each Score

Your Score History

You have not taken this quiz